00555nam a2200181Ia 4500008004100000020001400041040001900055041001200074082002000086100001900106245006000125250001100185260004100196300002300237504006800260650002100328700002400349131103s9999 xx 000 0 und d a415154820 aLoreto College aEnglish a954/KULbLCLIB/ aKulke, Hermann 2aA History of IndiacHerman Kulke and Dietmar Rothermund a3rd ed aLondon and New YorkbRoutledgec1998 ax,395p, maps 23 cm aIncludes bibliographical references, chronology, maps and index aIndia, History  aRothermund, Dietmar